000
00306nam a22001337a 4500
008
171024b xxu||||| |||| 00| 0 eng d
020
_a
9780803952775
041
_a
eng
080
_a
311
100
_a
55
101
_a
STA
245
_a
DICTIONARY STATISTICS AND METHOLOGY
_c
VOGT.W.P
942
_2
udc
_c
BK
999
_c
35726
_d
35726